The Wire Nicknames Quiz Stats

 Plays Quiz Updated Feb 8, 2012

Score 0/22 Timer 06:00
0 Plays Today
Character Name Nickname % Correct
Russell BellStringer
93%
William MorelandBunk
90.5%
Roland PryzbylewskiPrez
81.2%
Howard ColvinBunny
75.7%
Preston BroadusBodie
75.3%
Thomas HaukHerc
71.4%
Felicia PearsonSnoop
70.9%
Duquan WeemsDukie
70.9%
Dennis WiseCutty
65.8%
Roland BriceWee-Bey
62.9%
Melvin WagstaffCheese
60.7%
Character Name Nickname % Correct
Beatrice RussellBeadie
59.4%
Reginald CousinsBubbles
58.8%
Chester SobotkaZiggy
54.5%
Joseph StewartProposition Joe
52.4%
Malik CarrPoot
49.7%
Thomas PakusaHorseface
35.9%
Mike McArdleWhite Mike
31.1%
Spiros VondopoulosVondas
30.5%
George GlekasDouble G
28.2%
Sean McGintyShamrock
17.2%
Wendell BlockerOrlando
16.6%

You're not logged in!

Compare scores with friends on all Sporcle quizzes.
OR
Log In

Sporcle TV

Today on Sporcle TV


Watch our educational content, quiz creation guides, and fun videos on Sporcle TV.

Show Comments

Extras

Top Quizzes Today


Score Distribution

Your Account Isn't Verified!

In order to create a playlist on Sporcle, you need to verify the email address you used during registration. Go to your Sporcle Settings to finish the process.

Report this User

Report this user for behavior that violates our Community Guidelines.

Details: